| 000 | 00468nam a2200169 i 4500 | ||
|---|---|---|---|
| 001 | 94847 | ||
| 003 | ES-MaACL | ||
| 005 | 20230906181553.0 | ||
| 007 | t| | ||
| 008 | 050517s1946 xxk ||||1| eng d | ||
| 100 | 1 |
_aLucas, A. _974519 |
|
| 245 | 1 | 0 |
_aForensic chemistry and scientifie criminal investigation / _cby A. Lucas. |
| 250 | _a[4ยช ed.]. | ||
| 260 |
_aLondon : _bEdward Arnold, _c1946. |
||
| 300 |
_a340 p. ; _c23 cm. |
||
| 852 |
_aES-MaACL _jC-4270 _bR.24086 |
||
| 999 |
_c94847 _d94847 |
||